000
00311 a2200109 4500
001
ART_46179
005
20260410162053.0
008
260409a
245
1
0
_a
El circuito de producción hortícola
100
1
_a
Demarchi, Mariela G.
773
0
_t
Pampa
_g
- Año 6, Nº 6 (nov. 2010)
_w
REV46129
999
_c
36032
_d
36032